000
00213 a2200097 4500
001
5094
100
_a
Black,NH
245
_a
Lab experiments in elementry physics
260
_a
_b
Macmillan
_c
090
_c
4239
_d
4239
942
_a
NUST-CAE
_c
M
_c
30533
999
_c
240167
_d
240167